[Event "83rd DEN-ch"]
[Site "Koege DEN"]
[Date "2004.04.05"]
[Round "1.2"]
[White "Borbjerggaard, Lars"]
[Black "Berg, Klaus"]
[Result "0-1"]
[WhiteElo "2376"]
[BlackElo "2436"]
[EventDate "2004.04.04"]
[PlyCount "76"]

1.d4 d5 2.Bf4 c6 3.e3 Qb6 4.b3 Bf5 5.g4 Bg6 6.Bd3 e6 7.h4 c5 8.h5 Bxd3 9.
Qxd3 cxd4 10.exd4 Bd6 11.Be3 Ne7 12.Ne2 Nbc6 13.O-O O-O 14.c3 a5 15.Nd2 
Qa6 16.c4 e5 17.f4 exd4 18.Nxd4 Rad8 19.Rad1 Bc5 20.Qc3 Nxd4 21.Bxd4 Bxd4+
22.Qxd4 dxc4 23.Qxc4 Qb6+ 24.Kg2 Nd5 25.Rde1 Ne3+ 26.Rxe3 Qxe3 27.Nf3 Rc8 
28.Qd4 Rc2+ 29.Kg3 Qxd4 30.Nxd4 Rxa2 31.g5 Rd8 32.Rc1 Kf8 33.Nf5 Ra3 34.
Rc7 Rxb3+ 35.Kg4 Rb6 36.Kh4 a4 37.g6 hxg6 38.h6 gxf5 0-1

[Event "83rd DEN-ch"]
[Site "Koege DEN"]
[Date "2004.04.05"]
[Round "1.2"]
[White "Fries-Nielsen, Jens Ove"]
[Black "Boe, Mads"]
[Result "1/2-1/2"]
[WhiteElo "2402"]
[BlackElo "2367"]
[EventDate "2004.04.04"]
[PlyCount "27"]

1.d4 f5 2.Bg5 g6 3.Nc3 d5 4.h4 Bg7 5.e3 Be6 6.Bd3 c6 7.Nf3 Nd7 8.h5 Ngf6 
9.hxg6 hxg6 10.Rxh8+ Bxh8 11.Ne2 Bf7 12.Nf4 Qc7 13.Nh4 Nf8 14.Bh6 1/2-1/2

[Event "83rd DEN-ch"]
[Site "Koege DEN"]
[Date "2004.04.05"]
[Round "1.3"]
[White "Fries-Nielsen, Jens Ove"]
[Black "Boe, Mads"]
[Result "1/2-1/2"]
[WhiteElo "2402"]
[BlackElo "2367"]
[EventDate "2004.04.04"]
[PlyCount "49"]

1.d4 f5 2.Bg5 g6 3.c3 Bg7 4.e3 Nf6 5.Nd2 d6 6.Qb3 c6 7.Ngf3 a5 8.a4 Na6 9.
Bc4 d5 10.Be2 O-O 11.O-O Ne4 12.Nxe4 fxe4 13.Nd2 Kh8 14.f3 exf3 15.Nxf3 
Nc7 16.Bf4 Ne8 17.Ne5 Nf6 18.Bg5 Qc7 19.Bd3 Be6 20.Bf4 Qc8 21.Qc2 Bf5 22.
Bg5 Bxd3 23.Qxd3 Qe6 24.Nf3 Ne4 25.Bf4 Rf5 1/2-1/2

[Event "83rd DEN-ch"]
[Site "Koege DEN"]
[Date "2004.04.05"]
[Round "1.4"]
[White "Boe, Mads"]
[Black "Fries-Nielsen, Jens Ove"]
[Result "0-1"]
[WhiteElo "2367"]
[BlackElo "2402"]
[EventDate "2004.04.04"]
[PlyCount "102"]

1.e4 g6 2.d4 Bg7 3.Nc3 c6 4.f4 d5 5.e5 f6 6.Nf3 Nh6 7.Be2 Bg4 8.Be3 Nf5 9.
Qd2 Bxf3 10.Bxf3 fxe5 11.fxe5 e6 12.Bg5 Bh6 13.Bxh6 Qh4+ 14.g3 Qxh6 15.
Qxh6 Nxh6 16.Ne2 Nd7 17.Kd2 Ke7 18.Rhf1 c5 19.c3 cxd4 20.cxd4 Rac8 21.Rac1
Nb8 22.g4 Rxc1 23.Rxc1 Nc6 24.h3 Rf8 25.Ke3 Nf7 26.Bg2 Ng5 27.Nc3 Nf7 28.
Ne2 a5 29.Nf4 Nfxe5 30.dxe5 Nxe5 31.b3 Rxf4 32.Rc7+ Kd6 33.Kxf4 g5+ 34.
Kxg5 Kxc7 35.Kh6 Ng6 36.Kxh7 Nf4 37.Bf1 Kd6 38.g5 Ke7 39.g6 Nh5 40.g7 Nf6+
41.Kh8 Kf7 42.Be2 e5 43.Bh5+ Ke6 44.g8=Q+ Nxg8 45.Kxg8 d4 46.Be2 e4 47.Bf1
d3 48.Kg7 Kf5 49.h4 Kg4 50.Kf6 Kf3 51.h5 d2 0-1

[Event "83rd DEN-ch"]
[Site "Koege DEN"]
[Date "2004.04.05"]
[Round "1.2"]
[White "Fries-Nielsen, Niels Joergen"]
[Black "El-Kher, Henrik"]
[Result "1/2-1/2"]
[WhiteElo "2380"]
[BlackElo "2404"]
[EventDate "2004.04.04"]
[PlyCount "27"]

1.d4 Nf6 2.c3 d5 3.Bf4 c6 4.e3 Bf5 5.Bd3 e6 6.Nf3 Bd6 7.Ne5 O-O 8.O-O Bxd3
9.Nxd3 Qc7 10.Nd2 Nbd7 11.c4 Bxf4 12.Nxf4 dxc4 13.Nxc4 Rfd8 14.Rc1 1/2-1/2

[Event "83rd DEN-ch"]
[Site "Koege DEN"]
[Date "2004.04.05"]
[Round "1.3"]
[White "El-Kher, Henrik"]
[Black "Fries-Nielsen, Niels Joergen"]
[Result "1/2-1/2"]
[WhiteElo "2404"]
[BlackElo "2380"]
[EventDate "2004.04.04"]
[PlyCount "163"]

1.e4 d6 2.d4 Nf6 3.Nc3 g6 4.Nf3 Bg7 5.Bc4 c6 6.Bb3 O-O 7.h3 b5 8.a3 Bb7 9.
O-O a6 10.e5 Ne8 11.Bg5 h6 12.Bh4 d5 13.Nb1 Nc7 14.c3 Nd7 15.Bc2 c5 16.
Nbd2 Ne6 17.b4 cxd4 18.cxd4 Nb6 19.Nb3 Nc4 20.Ne1 Nb2 21.Qc1 Na4 22.f4 Rc8
23.Qd2 Nc3 24.f5 gxf5 25.Bxf5 Ne4 26.Qb2 N6g5 27.Bxc8 Bxc8 28.Nd3 Be6 29.
Nbc5 Qc8 30.Rac1 Nxc5 31.Rxc5 Qd7 32.Rfc1 Bf5 33.Nf4 Be4 34.Bxg5 hxg5 35.
Nh5 g4 36.Qd2 Qf5 37.Ng3 Qg6 38.Rc6 e6 39.Nxe4 dxe4 40.R1c3 Bh6 41.Qd1 
gxh3 42.Rxh3 Rd8 43.Qh5 Qxh5 44.Rxh5 Be3+ 45.Kh2 Bxd4 46.Kg3 Rd5 47.Kf4 e3
48.Rc8+ Kg7 49.Rg5+ Kh7 50.Rc1 Bxe5+ 51.Rxe5 Rd4+ 52.Kxe3 Rg4 53.Kf3 Rh4 
54.g3 Rh6 55.Re4 Kg7 56.Rh4 Rf6+ 57.Rf4 Rh6 58.Rc7 Rh1 59.Rcxf7+ Kg6 60.
R7f6+ Kg5 61.Rxe6 Rf1+ 62.Ke2 Ra1 63.Re5+ Kg6 64.Re3 Ra2+ 65.Kf3 Ra1 66.
Kg4 Rc1 67.Re6+ Kg7 68.Re5 Rc3 69.Rg5+ Kh6 70.Rg8 Kh7 71.Rg5 Kh6 72.Rh5+ 
Kg6 73.Rg5+ Kh6 74.Rc5 Rd3 75.Rf6+ Kg7 76.Rf4 Rd6 77.Rg5+ Kh6 78.Kh4 Rd1 
79.Rh5+ Kg6 80.Kg4 Rd6 81.Rg5+ Kh6 82.Rf8 1/2-1/2

[Event "83rd DEN-ch"]
[Site "Koege DEN"]
[Date "2004.04.05"]
[Round "1.4"]
[White "Fries-Nielsen, Niels Joergen"]
[Black "El-Kher, Henrik"]
[Result "1/2-1/2"]
[WhiteElo "2380"]
[BlackElo "2404"]
[EventDate "2004.04.04"]
[PlyCount "69"]

1.Nf3 d5 2.d4 Nf6 3.Bf4 Bf5 4.e3 e6 5.Bd3 c6 6.O-O Bd6 7.Ne5 O-O 8.Nd2 Qe7
9.c4 Bxd3 10.Nxd3 Bxf4 11.Nxf4 Nbd7 12.Qb3 Rab8 13.a4 Rfd8 14.cxd5 Nxd5 
15.Nxd5 exd5 16.a5 Nf8 17.Qc2 Rd6 18.Nf3 Ng6 19.Rfe1 Nh4 20.Ne5 Ng6 21.f4 
Nxe5 22.fxe5 Rh6 23.e4 Rd8 24.Ra3 Rh4 25.a6 Rxe4 26.Rxe4 dxe4 27.Qxe4 g6 
28.h3 bxa6 29.Rxa6 Qb4 30.e6 Qxd4+ 31.Qxd4 Rxd4 32.e7 Re4 33.Rxa7 Kg7 34.
Rc7 Kf6 35.Rxc6+ 1/2-1/2

[Event "83rd DEN-ch"]
[Site "Koege DEN"]
[Date "2004.04.04"]
[Round "1.1"]
[White "Nilssen, John Arni"]
[Black "Palo, Davor"]
[Result "1-0"]
[WhiteElo "2426"]
[BlackElo "2515"]
[EventDate "2004.04.04"]
[PlyCount "135"]

1.d4 Nf6 2.c4 e6 3.g3 Bb4+ 4.Nc3 O-O 5.Bg2 d5 6.Nf3 dxc4 7.O-O Nc6 8.Bg5 
Rb8 9.a3 Bxc3 10.bxc3 h6 11.Bxf6 Qxf6 12.Nd2 e5 13.e3 exd4 14.exd4 b5 15.
Ne4 Qg6 16.Nc5 Nd8 17.Re1 Ne6 18.Re5 Rb6 19.Nxe6 Bxe6 20.Rc5 Bg4 21.Qb1 
Qf6 22.Qe4 Be6 23.Rxc7 Bf5 24.Qd5 a5 25.Qc5 Qd6 26.Qxd6 Rxd6 27.Rb7 Bd7 
28.Re1 Re8 29.Rxe8+ Bxe8 30.Kf1 Kf8 31.Ke2 g5 32.Bh3 Bc6 33.Rc7 Be8 34.Bf5
b4 35.axb4 axb4 36.cxb4 Rxd4 37.Ke3 Rd5 38.Be4 Rd1 39.Rxc4 Re1+ 40.Kd2 Rf1
41.Ke2 Ra1 42.Bd3 Ke7 43.h4 Bd7 44.Ke3 Be6 45.Rd4 Ra2 46.hxg5 hxg5 47.f4 
gxf4+ 48.gxf4 Rb2 49.Be4 Bd7 50.Kd3 Rf2 51.Bd5 f5 52.Bc4 Rf3+ 53.Ke2 Ra3 
54.Kd2 Bc6 55.Bd3 Ke6 56.Kc1 Bd5 57.Bxf5+ Kxf5 58.Rxd5+ Ke4 59.Kb2 Rf3 60.
Rd8 Rh3 61.Kc2 Ra3 62.Rd1 Rf3 63.Rd7 Rxf4 64.Kb3 Ke5 65.Ka4 Ke6 66.Rd2 Ke7
67.Ka5 Rf8 68.b5 1-0

[Event "83rd DEN-ch"]
[Site "Koege DEN"]
[Date "2004.04.05"]
[Round "1.3"]
[White "Nilssen, John Arni"]
[Black "Palo, Davor"]
[Result "0-1"]
[WhiteElo "2426"]
[BlackElo "2515"]
[EventDate "2004.04.04"]
[PlyCount "90"]

1.d4 d5 2.c4 c6 3.Nc3 Nf6 4.e3 e6 5.Nf3 Nbd7 6.Bd3 dxc4 7.Bxc4 b5 8.Be2 
Bb7 9.O-O Be7 10.e4 b4 11.e5 bxc3 12.exf6 Bxf6 13.bxc3 O-O 14.Rb1 Qc7 15.
Bf4 Qxf4 16.Rxb7 Nb6 17.Nd2 Rfb8 18.Rxb8+ Rxb8 19.Qc2 Nd5 20.g3 Qc7 21.Ne4
Be7 22.c4 Nf6 23.Bd3 g6 24.Nd2 Rd8 25.Nf3 c5 26.dxc5 Bxc5 27.Kg2 Ng4 28.
Qe2 Qb6 29.Ne1 Nf6 30.Nf3 a5 31.Rb1 Qa7 32.Ne5 Qc7 33.h3 a4 34.Re1 Kg7 35.
Bc2 a3 36.Rd1 Rb8 37.Nd3 Bd4 38.Nc1 Ba7 39.Nb3 Rc8 40.Bd3 Nd7 41.Rc1 Kg8 
42.c5 Nxc5 43.Ba6 Rd8 44.Qc4 Qc6+ 45.Kh2 Qf3 0-1

[Event "83rd DEN-ch"]
[Site "Koege DEN"]
[Date "2004.04.05"]
[Round "1.4"]
[White "Palo, Davor"]
[Black "Nilssen, John Arni"]
[Result "1-0"]
[WhiteElo "2515"]
[BlackElo "2426"]
[EventDate "2004.04.04"]
[PlyCount "57"]

1.d4 Nf6 2.c4 a6 3.Nc3 c5 4.dxc5 e6 5.Nf3 Bxc5 6.g3 Qb6 7.e3 Qc7 8.Bg2 b6 
9.O-O Bb7 10.b3 Be7 11.Bb2 d6 12.e4 Nbd7 13.Nd4 O-O 14.Qe2 Rfe8 15.Rac1 
Rac8 16.h3 Qb8 17.g4 d5 18.cxd5 exd5 19.Nxd5 Nxd5 20.Rxc8 Qxc8 21.exd5 Bg5
22.Qd1 Bf4 23.Nc6 Bd6 24.Re1 Nf8 25.Rxe8 Qxe8 26.Qd4 f6 27.Qxb6 Qe1+ 28.
Bf1 Bc8 29.Na7 1-0

[Event "83rd DEN-ch"]
[Site "Koege DEN"]
[Date "2004.04.05"]
[Round "1.2"]
[White "Vesterbaek Pedersen, Daniel"]
[Black "Vesterbaek Pedersen, Nicolai"]
[Result "1/2-1/2"]
[WhiteElo "2366"]
[BlackElo "2510"]
[EventDate "2004.04.04"]
[PlyCount "46"]

1.e4 e5 2.Nf3 Nc6 3.Bc4 Bc5 4.c3 Nf6 5.d3 a6 6.Bb3 d6 7.Nbd2 Ba7 8.Nc4 Ne7
9.Bc2 Ng6 10.Be3 O-O 11.Bxa7 Rxa7 12.Ne3 Ng4 13.Qd2 Ra8 14.O-O h6 15.d4 
Bd7 16.Rad1 Nxe3 17.Qxe3 Qe7 18.Rd2 Be6 19.Rfd1 f6 20.b3 Nf4 21.c4 Bg4 22.
d5 Qf7 23.h3 Bxh3 1/2-1/2

[Event "83rd DEN-ch"]
[Site "Koege DEN"]
[Date "2004.04.04"]
[Round "1.1"]
[White "Pilgaard, Kim"]
[Black "Pedersen, Steffen"]
[Result "0-1"]
[WhiteElo "2402"]
[BlackElo "2417"]
[EventDate "2004.04.04"]
[PlyCount "72"]

1.e4 c6 2.d4 d5 3.Nc3 dxe4 4.Nxe4 Bf5 5.Ng3 Bg6 6.h4 h6 7.Nf3 Nd7 8.h5 Bh7
9.Bd3 Bxd3 10.Qxd3 e6 11.Bf4 Ngf6 12.O-O-O Nd5 13.Bd2 Nb4 14.Qb3 a5 15.Kb1
b5 16.Rhe1 Be7 17.Ne4 Nf6 18.Nxf6+ gxf6 19.a3 Nd5 20.Qd3 Nb6 21.Qe4 Qd5 
22.g4 Nc4 23.Bc1 a4 24.Ng1 b4 25.Qxd5 cxd5 26.axb4 Bxb4 27.c3 Be7 28.Ka2 
Kd7 29.Nh3 Rhb8 30.Re2 Na5 31.Nf4 Nb3 32.Nd3 a3 33.Nb4 Nxc1+ 34.Rxc1 Bxb4 
35.cxb4 axb2+ 36.Kxb2 Rxb4+ 0-1

[Event "83rd DEN-ch"]
[Site "Koege DEN"]
[Date "2004.04.05"]
[Round "1.2"]
[White "Pedersen, Steffen"]
[Black "Pilgaard, Kim"]
[Result "1/2-1/2"]
[WhiteElo "2417"]
[BlackElo "2402"]
[EventDate "2004.04.04"]
[PlyCount "44"]

1.e4 e5 2.Nf3 Nc6 3.d4 exd4 4.Nxd4 Nf6 5.Nxc6 bxc6 6.e5 Qe7 7.Qe2 Nd5 8.c4
Nb6 9.b3 g6 10.Bb2 Bg7 11.g3 O-O 12.Bg2 Re8 13.f4 f6 14.O-O fxe5 15.fxe5 
Bxe5 16.Bxe5 Qxe5 17.Qf2 Ba6 18.Nd2 d5 19.Qf7+ Kh8 20.Rae1 Qxe1 21.Qf6+ 
Kg8 22.Qf7+ Kh8 1/2-1/2

[Event "83rd DEN-ch"]
[Site "Koege DEN"]
[Date "2004.04.05"]
[Round "1.2"]
[White "Soerensen, Jan"]
[Black "Rasmussen, Karsten"]
[Result "1-0"]
[WhiteElo "2402"]
[BlackElo "2469"]
[EventDate "2004.04.04"]
[PlyCount "163"]

1.e4 c6 2.d4 d5 3.Nc3 dxe4 4.Nxe4 Bf5 5.Nc5 b6 6.Nb3 e6 7.Nf3 Bd6 8.g3 h6 
9.Bg2 Ne7 10.Qe2 Nd7 11.Ne5 Rc8 12.O-O O-O 13.Rd1 a5 14.Nc5 Nf6 15.Nb7 Qc7
16.Nxd6 Qxd6 17.c4 Qc7 18.Bf4 Qa7 19.g4 Bg6 20.h4 Nd7 21.h5 Bh7 22.Rd2 b5 
23.cxb5 cxb5 24.Qxb5 Nf6 25.Qe2 Ned5 26.Bg3 a4 27.a3 Qb6 28.Re1 Qb3 29.Nd3
Rc2 30.Nc5 Qxb2 31.Rxc2 Qxc2 32.Qxc2 Bxc2 33.Rc1 Bb3 34.Nxb3 axb3 35.Rb1 
Rc8 36.Bxd5 exd5 37.Rxb3 Rc1+ 38.Kg2 Nxg4 39.Rb8+ Kh7 40.Rb7 Rc3 41.Bd6 f5
42.a4 Rc2 43.Bf8 Kg8 44.Bxg7 Rxf2+ 45.Kg3 Ra2 46.Ra7 Ra1 47.Be5 Rg1+ 48.
Kf3 Rf1+ 49.Kg2 Re1 50.Kf3 Rf1+ 51.Kg2 Re1 52.Bd6 Re4 53.Bc5 Ne3+ 54.Kf3 
Nc2 55.a5 Nxd4+ 56.Bxd4 Rxd4 57.Rd7 Ra4 58.Rxd5 f4 59.Rf5 Kg7 60.Kg4 Kg8 
61.Rb5 Kf7 62.Rb7+ Kf6 63.Rb6+ Ke5 64.a6 Ra3 65.Rxh6 Rg3+ 66.Kh4 Rg7 67.
Rg6 Rf7 68.Rg5+ Ke6 69.Ra5 f3 70.a7 f2 71.a8=Q f1=Q 72.Qe4+ Kd6 73.Qd5+ 
Ke7 74.Ra7+ Kf8 75.Ra8+ Ke7 76.Qe5+ Kd7 77.Ra7+ Kc6 78.Qe6+ Kc5 79.Rxf7 
Qh1+ 80.Kg5 Qg2+ 81.Kh6 Qd2+ 82.Kh7 1-0

[Event "83rd DEN-ch"]
[Site "Koege DEN"]
[Date "2004.04.06"]
[Round "2.1"]
[White "Berg, Klaus"]
[Black "Palo, Davor"]
[Result "0-1"]
[WhiteElo "2436"]
[BlackElo "2515"]
[EventDate "2004.04.04"]
[PlyCount "66"]

1.e4 c5 2.d3 Nc6 3.g3 d5 4.Nd2 Nf6 5.Bg2 e6 6.Ngf3 Be7 7.O-O O-O 8.Re1 a5 
9.e5 Nd7 10.Nf1 b5 11.h4 b4 12.N1h2 a4 13.a3 bxa3 14.bxa3 Rb8 15.Ng4 Nd4 
16.Nxd4 cxd4 17.h5 Ba6 18.Nh2 Qc7 19.Bf4 Rb2 20.Bxd5 Qxc2 21.Qxc2 Rxc2 22.
Be4 Nc5 23.Rac1 Rxc1 24.Rxc1 Nxd3 25.Rc6 Bb5 26.Rb6 Nxf4 27.gxf4 Be2 28.
Nf3 d3 29.Rb2 Bxa3 30.Ra2 Bc1 31.Rxa4 d2 32.Nxd2 Bxd2 33.Ra2 Rd8 0-1

[Event "83rd DEN-ch"]
[Site "Koege DEN"]
[Date "2004.04.07"]
[Round "2.2"]
[White "Palo, Davor"]
[Black "Berg, Klaus"]
[Result "1-0"]
[WhiteElo "2515"]
[BlackElo "2436"]
[EventDate "2004.04.04"]
[PlyCount "55"]

1.d4 Nf6 2.Nf3 c5 3.d5 d6 4.Nc3 g6 5.e4 Bg7 6.Bb5+ Bd7 7.a4 O-O 8.O-O Bxb5
9.axb5 Nbd7 10.Bf4 Ne8 11.Re1 Nc7 12.Qe2 Re8 13.Rad1 a6 14.bxa6 Rxa6 15.e5
dxe5 16.Nxe5 Nxe5 17.Bxe5 Bxe5 18.Qxe5 Qd6 19.Qg5 Qf6 20.Qg3 Qd6 21.Qg5 
Qf6 22.Qe3 c4 23.Qc5 Qd6 24.Qxc4 b5 25.Qh4 Raa8 26.Ne4 Qe5 27.d6 Ne6 28.
dxe7 1-0

[Event "83rd DEN-ch"]
[Site "Koege DEN"]
[Date "2004.04.06"]
[Round "2.1"]
[White "El-Kher, Henrik"]
[Black "Skytte, Rasmus"]
[Result "1/2-1/2"]
[WhiteElo "2404"]
[BlackElo "2398"]
[EventDate "2004.04.04"]
[PlyCount "56"]

1.e4 c5 2.f4 d5 3.exd5 Nf6 4.Bb5+ Bd7 5.Bxd7+ Qxd7 6.c4 e6 7.Qe2 Bd6 8.d3 
O-O 9.dxe6 Qxe6 10.Qxe6 fxe6 11.Nf3 Nc6 12.Nc3 e5 13.f5 e4 14.dxe4 Rae8 
15.O-O Nxe4 16.Bd2 Nd4 17.Nxe4 Rxe4 18.Nxd4 Rxd4 19.Bc3 Rxc4 20.Rad1 Bf4 
21.g3 Be3+ 22.Kg2 Bd4 23.Rf4 Re8 24.Bxd4 cxd4 25.Rd2 b6 26.Kf2 Rd8 27.g4 
a5 28.g5 Rc5 1/2-1/2

[Event "83rd DEN-ch"]
[Site "Koege DEN"]
[Date "2004.04.06"]
[Round "2.1"]
[White "Vesterbaek Pedersen, Nicolai"]
[Black "Fries-Nielsen, Jens Ove"]
[Result "1/2-1/2"]
[WhiteElo "2510"]
[BlackElo "2402"]
[EventDate "2004.04.04"]
[PlyCount "85"]

1.d4 g6 2.c4 Bg7 3.e4 d6 4.Nc3 c6 5.Nf3 Bg4 6.Be3 Nd7 7.Be2 Qc7 8.Rc1 Ngf6
9.O-O O-O 10.h3 Bxf3 11.Bxf3 e5 12.d5 c5 13.a3 a6 14.Be2 h5 15.b4 Rfc8 16.
f3 Kh7 17.g4 Qd8 18.Na4 Ne8 19.Qd2 Rab8 20.Rb1 b6 21.Rb2 Qc7 22.Rb3 Nef6 
23.Rfb1 Ng8 24.Bf1 Ne7 25.Qf2 Kg8 26.Kh2 hxg4 27.hxg4 f6 28.bxc5 bxc5 29.
Rxb8 Rxb8 30.Rxb8+ Qxb8 31.Qb2 Qc7 32.Bd3 Kf7 33.Qb3 Qc8 34.Kg2 f5 35.exf5
gxf5 36.gxf5 Nf6 37.Qc2 Qg8 38.Kf1 Qh7 39.Kg2 Bh6 40.Bf2 Bf4 41.Nc3 Qh2+ 
42.Kf1 Nh5 43.f6 1/2-1/2

[Event "83rd DEN-ch"]
[Site "Koege DEN"]
[Date "2004.04.06"]
[Round "2.1"]
[White "Soerensen, Jan"]
[Black "Pedersen, Steffen"]
[Result "0-1"]
[WhiteElo "2402"]
[BlackElo "2417"]
[EventDate "2004.04.04"]
[PlyCount "92"]

1.e4 c6 2.d4 d5 3.e5 Bf5 4.Nf3 Nd7 5.Be2 Bg6 6.Nbd2 e6 7.Nb3 Ne7 8.h4 h6 
9.h5 Bh7 10.c3 Qc7 11.Bf4 a6 12.Qd2 c5 13.Nxc5 Nxc5 14.dxc5 Qxc5 15.O-O 
Nc6 16.b4 Qb6 17.a4 Be7 18.a5 Qc7 19.Qe3 O-O 20.Rad1 Rfc8 21.Bd3 Na7 22.
Bxh7+ Kxh7 23.Rd3 Nb5 24.Rc1 Bf8 25.Nh2 Qc4 26.Ng4 Qe4 27.Qg3 Rc4 28.Rf3 
Rac8 29.Kh2 Qf5 30.Rf1 Nxc3 31.Qh4 Rxf4 32.Nf6+ Qxf6 33.Qxf4 Qxf4+ 34.Rxf4
Rc7 35.Rc1 Kg8 36.g3 Be7 37.Rc2 Nb5 38.Rxc7 Nxc7 39.Rf3 Nb5 40.Rb3 Kf8 41.
f4 Ke8 42.g4 f6 43.exf6 gxf6 44.Kg2 e5 45.Rb1 Nc3 46.Re1 e4 0-1

[Event "83rd DEN-ch"]
[Site "Koege DEN"]
[Date "2004.04.07"]
[Round "2.2"]
[White "Pedersen, Steffen"]
[Black "Soerensen, Jan"]
[Result "1-0"]
[WhiteElo "2417"]
[BlackElo "2402"]
[EventDate "2004.04.04"]
[PlyCount "89"]

1.e4 e6 2.d4 d5 3.Nc3 Bb4 4.Bd3 c5 5.exd5 exd5 6.dxc5 Nc6 7.Nf3 Bxc5 8.O-O
Nge7 9.Bf4 O-O 10.h3 a6 11.a3 Ba7 12.Re1 d4 13.Ne4 Ng6 14.Bd6 f5 15.Bc4+ 
Kh8 16.Nfg5 Nce5 17.Qh5 h6 18.Bxf8 fxe4 19.Nf7+ Nxf7 20.Qxg6 Qxf8 21.Bxf7 
Qc5 22.Qxe4 Bf5 23.Qxb7 Rb8 24.Re8+ Rxe8 25.Bxe8 d3 26.cxd3 Qxf2+ 27.Kh1 
Bd4 28.Bf7 Kh7 29.Qb8 h5 30.Qg8+ Kh6 31.Qh8+ Kg5 32.Qxh5+ Kf6 33.Bc4 Bxb2 
34.Rd1 Bxa3 35.Qf7+ Kg5 36.Qxg7+ Bg6 37.Qe5+ Kh6 38.Qh8+ Kg5 39.Qe5+ Kh6 
40.d4 Bb2 41.Qh8+ Kg5 42.Qe5+ Kh6 43.Bxa6 Bc2 44.Rf1 Qxd4 45.Qxd4 1-0

[Event "83rd DEN-ch"]
[Site "Koege DEN"]
[Date "2004.04.08"]
[Round "3.1"]
[White "Fries-Nielsen, Jens Ove"]
[Black "El-Kher, Henrik"]
[Result "1/2-1/2"]
[WhiteElo "2402"]
[BlackElo "2404"]
[EventDate "2004.04.04"]
[PlyCount "29"]

1.e4 c5 2.Nc3 e6 3.Nf3 Nc6 4.Bb5 Nge7 5.O-O Ng6 6.d4 cxd4 7.Nxd4 Be7 8.Be3
O-O 9.a4 Qc7 10.Nb3 d6 11.f4 Bd7 12.Qh5 Nb4 13.Rac1 Bf6 14.Bxd7 Qxd7 15.
Rf3 1/2-1/2

[Event "83rd DEN-ch"]
[Site "Koege DEN"]
[Date "2004.04.08"]
[Round "3.1"]
[White "Pedersen, Steffen"]
[Black "Palo, Davor"]
[Result "1/2-1/2"]
[WhiteElo "2417"]
[BlackElo "2515"]
[EventDate "2004.04.04"]
[PlyCount "80"]

1.e4 c6 2.d4 d5 3.e5 Bf5 4.Be3 e6 5.Nd2 Nd7 6.Ngf3 Ne7 7.Be2 Bg6 8.O-O Nf5
9.c4 Be7 10.cxd5 cxd5 11.Qb3 Nxe3 12.fxe3 Rb8 13.Bd3 Bxd3 14.Qxd3 O-O 15.
Rfc1 Qb6 16.e4 dxe4 17.Qxe4 Rbc8 18.b3 Qa6 19.Nc4 b5 20.Ne3 Nb6 21.Rf1 Rc3
22.h4 b4 23.Rae1 Qxa2 24.Ng5 Bxg5 25.hxg5 Qxb3 26.Rf3 Nd5 27.Rh3 h6 28.
gxh6 Rxe3 29.Rexe3 Nxe3 30.Rxe3 Qd1+ 31.Kh2 Qh5+ 32.Rh3 Qf5 33.Qe3 g5 34.
Rf3 Qg4 35.Rg3 Qh4+ 36.Kg1 Kh8 37.Qf2 Qf4 38.Rf3 Qh4 39.Rg3 Qf4 40.Rf3 Qh4
1/2-1/2

[Event "83rd DEN-ch"]
[Site "Koege DEN"]
[Date "2004.04.09"]
[Round "3.2"]
[White "Palo, Davor"]
[Black "Pedersen, Steffen"]
[Result "1/2-1/2"]
[WhiteElo "2515"]
[BlackElo "2417"]
[EventDate "2004.04.04"]
[PlyCount "29"]

1.d4 Nf6 2.c4 g6 3.Nc3 Bg7 4.e4 d6 5.f3 O-O 6.Be3 a6 7.Nge2 Nbd7 8.Ng3 c5 
9.d5 h5 10.Be2 h4 11.Nf1 b5 12.cxb5 axb5 13.Bxb5 h3 14.gxh3 Nb6 15.Ng3 
1/2-1/2

[Event "83rd DEN-ch"]
[Site "Koege DEN"]
[Date "2004.04.09"]
[Round "3.3"]
[White "Palo, Davor"]
[Black "Pedersen, Steffen"]
[Result "0-1"]
[WhiteElo "2515"]
[BlackElo "2417"]
[EventDate "2004.04.04"]
[PlyCount "78"]

1.d4 Nf6 2.c4 g6 3.Nc3 Bg7 4.Nf3 O-O 5.e3 d6 6.Be2 Nbd7 7.O-O e5 8.Rb1 Re8
9.b4 a5 10.bxa5 Rxa5 11.a4 Ra8 12.Ba3 exd4 13.exd4 Ne4 14.Nxe4 Rxe4 15.Bb2
Re8 16.Bd3 Nb8 17.h3 Bd7 18.Bc2 Nc6 19.c5 dxc5 20.dxc5 Bc8 21.Bxg7 Qxd1 
22.Rfxd1 Kxg7 23.Nd4 Nxd4 24.Rxd4 Ra5 25.Rb5 Rxb5 26.axb5 Re5 27.c6 Rxb5 
28.cxb7 Rxb7 29.Rc4 Be6 30.Rc5 Kf6 31.h4 h5 32.Be4 Ra7 33.Kf1 Ke7 34.Ke2 
Kd6 35.Rc6+ Ke5 36.Bf3 Kd4 37.Ke1 Bc4 38.Rf6 c5 39.Rd6+ Kc3 0-1

[Event "83rd DEN-ch"]
[Site "Koege DEN"]
[Date "2004.04.09"]
[Round "3.4"]
[White "Pedersen, Steffen"]
[Black "Palo, Davor"]
[Result "0-1"]
[WhiteElo "2417"]
[BlackElo "2515"]
[EventDate "2004.04.04"]
[PlyCount "100"]

1.e4 c6 2.d4 d5 3.e5 Bf5 4.Be3 e6 5.Nd2 Nd7 6.Nb3 Ne7 7.Be2 Bg6 8.f4 Nf5 
9.Bf2 Be7 10.Nf3 Nh4 11.Nxh4 Bxh4 12.O-O O-O 13.Bd3 Rc8 14.c3 c5 15.dxc5 
Bxf2+ 16.Rxf2 Bxd3 17.Qxd3 Nxc5 18.Nxc5 Rxc5 19.f5 exf5 20.Qxf5 Qe7 21.Rd1
b6 22.g3 Re8 23.Rd4 Qe6 24.Qf3 Rd8 25.Rfd2 Qxe5 26.b4 Rcc8 27.Rxd5 Qe1+ 
28.Kg2 Qxd2+ 29.Rxd2 Rxd2+ 30.Kh3 Rd7 31.Qe2 g6 32.Qb5 Rdc7 33.Qa6 Re8 34.
a4 h5 35.a5 Re6 36.Qd3 Rec6 37.axb6 axb6 38.b5 Rxc3 39.Qd6 Rb7 40.Kh4 Rc4+
41.Kg5 Kh7 42.h3 Rc5+ 43.Kh4 Rxb5 44.g4 Rc5 45.Qd8 b5 46.Qa8 Rbc7 47.Qb8 
Kg7 48.Qd8 R7c6 49.Qd4+ Kh7 50.Qf2 g5+ 0-1

[Event "83rd DEN-ch"]
[Site "Koege DEN"]
[Date "2004.04.09"]
[Round "3.5"]
[White "Palo, Davor"]
[Black "Pedersen, Steffen"]
[Result "1-0"]
[WhiteElo "2515"]
[BlackElo "2417"]
[EventDate "2004.04.04"]
[PlyCount "23"]

1.Nf3 Nf6 2.b3 g6 3.Bb2 Bg7 4.g3 O-O 5.Bg2 d6 6.d4 Nbd7 7.O-O c6 8.Nbd2 
Qc7 9.e4 b6 10.Re1 e6 11.e5 dxe5 12.Nxe5 {(...)} 1-0

[Event "83rd DEN-ch"]
[Site "Koege DEN"]
[Date "2004.04.09"]
[Round "3.6"]
[White "Pedersen, Steffen"]
[Black "Palo, Davor"]
[Result "1-0"]
[WhiteElo "2417"]
[BlackElo "2515"]
[EventDate "2004.04.04"]
[PlyCount "73"]

1.e4 c6 2.d4 d5 3.e5 Bf5 4.Nf3 e6 5.a3 Nd7 6.Bd3 Ne7 7.O-O Bxd3 8.Qxd3 Nf5
9.h3 Be7 10.Nbd2 O-O 11.g4 Nh4 12.Nxh4 Bxh4 13.f4 f6 14.exf6 Bxf6 15.Nf3 
Be7 16.Kg2 h6 17.Qe2 Rf6 18.g5 Rf7 19.Qxe6 Nf8 20.Qe2 Bd6 21.Ne5 Bxe5 22.
dxe5 hxg5 23.f5 Qe8 24.Bxg5 g6 25.Kh1 Rxf5 26.Rxf5 gxf5 27.Bf6 Kf7 28.Rg1 
Ke6 29.Rg7 Nd7 30.Re7+ Qxe7 31.Kh2 Nxf6 32.h4 Rh8 33.Kh3 Rc8 34.h5 Rh8 35.
Kg3 Rxh5 36.Kf3 Rg5 37.Ke3 1-0

[Event "83rd DEN-ch"]
[Site "Koege DEN"]
[Date "2004.04.09"]
[Round "3.7"]
[White "Palo, Davor"]
[Black "Pedersen, Steffen"]
[Result "1/2-1/2"]
[WhiteElo "2515"]
[BlackElo "2417"]
[EventDate "2004.04.04"]
[PlyCount "29"]

1.Nf3 Nf6 2.b3 d5 3.Bb2 e6 4.e3 Be7 5.Be2 O-O 6.O-O c5 7.c4 Nc6 8.cxd5 
Nxd5 9.Nc3 Bf6 10.Rb1 Nxc3 11.Bxc3 Bxc3 12.dxc3 b6 13.Qc2 Bb7 14.Bd3 h6 
15.Be4 Qc7 16.b4 Nd8 17.Rfc1 Rc8 18.Bxb7 Nxb7 19.Qa4 Ra8 20.Rd1 Rfd8 21.
Rxd8+ Nxd8 22.Rd1 Nc6 23.bxc5 bxc5 24.h3 Ne5 25.Nxe5 Qxe5 26.Qc6 Rf8 27.c4
Qb2 28.Qa6 Qb6 29.Qa4 Rb8 30.Rd7 a5 31.a3 Rd8 32.Qb5 Rb8 {draw after more 
than 100 moves} 1/2-1/2

[Event "83rd DEN-ch"]
[Site "Koege DEN"]
[Date "2004.04.11"]
[Round "4.1"]
[White "El-Kher, Henrik"]
[Black "Pedersen, Steffen"]
[Result "1/2-1/2"]
[WhiteElo "2404"]
[BlackElo "2417"]
[EventDate "2004.04.04"]
[PlyCount "85"]

1.d4 d5 2.Bg5 f6 3.Bh4 c5 4.Nc3 Nc6 5.e3 cxd4 6.exd4 Bf5 7.g4 Bg6 8.Bd3 
Qd7 9.h3 O-O-O 10.Nge2 e5 11.dxe5 Nxe5 12.Bg3 d4 13.Bxe5 fxe5 14.Bxg6 hxg6
15.Ne4 Qc6 16.Qd3 Nf6 17.f3 Bb4+ 18.Kf2 Nd5 19.Rac1 Kb8 20.Kg3 Be7 21.h4 
Qb6 22.c3 dxc3 23.bxc3 Nf4 24.Qc2 Rxh4 25.Nxf4 exf4+ 26.Kg2 Rxh1 27.Rxh1 
a6 28.Rd1 Rc8 29.Rd7 Bf6 30.Rd3 g5 31.Qd2 Qb1 32.Rd7 Rh8 33.Nf2 Qb6 34.c4 
Rc8 35.Qd5 Rc5 36.Rxb7+ Qxb7 37.Qxc5 Qb2 38.Qd6+ Kb7 39.Qd5+ Ka7 40.Qc5+ 
Kb7 41.Qd5+ Ka7 42.Qc5+ Kb7 43.Qd5+ 1/2-1/2

[Event "83rd DEN-ch"]
[Site "Koege DEN"]
[Date "2004.04.12"]
[Round "4.2"]
[White "Pedersen, Steffen"]
[Black "El-Kher, Henrik"]
[Result "1/2-1/2"]
[WhiteElo "2417"]
[BlackElo "2404"]
[EventDate "2004.04.04"]
[PlyCount "89"]

1.d4 d6 2.e4 g6 3.Nf3 Bg7 4.c3 Nf6 5.Bd3 O-O 6.O-O Nc6 7.d5 Nb8 8.c4 e5 9.
Nc3 c5 10.a3 Nh5 11.b4 b6 12.bxc5 bxc5 13.g3 Bf6 14.Bd2 Ng7 15.Ne1 Bh3 16.
Ng2 Nd7 17.f3 h5 18.Rf2 Bg5 19.f4 exf4 20.gxf4 Bf6 21.Ne3 Bd4 22.Qf3 Qh4 
23.Re1 f5 24.Nb5 fxe4 25.Bxe4 Ne5 26.Qg3 Qxg3+ 27.hxg3 Bxe3 28.Bxe3 Nxc4 
29.Bd3 Nxe3 30.Rxe3 Rf6 31.Re7 a6 32.Nc3 Bf5 33.Bc4 Rf7 34.Rxf7 Kxf7 35.
Rb2 Bc8 36.Kf2 Nf5 37.Bd3 a5 38.Rb6 Ke7 39.Bxf5 Bxf5 40.Nb5 Rd8 41.Ra6 Bd3
42.Rxa5 Bxb5 43.Rxb5 Ra8 44.Rb7+ Kf6 45.Rb6 1/2-1/2